| 000 | 004370000a22001090004500 | ||
|---|---|---|---|
| 100 | 1 | _aMoreno, Javier | |
| 245 | 1 | 0 | _aEl detective gourmet |
| 300 | _aVol.0, núm.0 (2007), Página 20 | ||
| 520 | _aCarvalho, el popular personaje del escritor Manuel Vásquez Montalbán, hubiera podido dedicarse al oficio de Chef, antes que al de detective privado. Esta es su historia. | ||
| 773 | 0 | _tArcadia / Andrés Felipe Solano, Editor | |
| 942 | _cANA | ||
| 999 |
_c62318 _d62318 |
||